№ 17; Наука и техника

গ্রন্থ-পঞ্জীর বিবরন
Parent link:Наука и техника: массовый научно-технический журнал/ Орган центротехпропа народного комиссариата тяжелой промышленности СССР. № 17.— , 1925-1939
ভাষা:রুশ
প্রকাশিত: 1934
বিন্যাস: গ্রন্থ
KOHA link:https://koha.lib.tpu.ru/cgi-bin/koha/opac-detail.pl?biblionumber=446853

MARC

LEADER 00000nam2a2200000 4500
001 446853
005 20231101082614.0
035 |a (RuTPU)RU\TPU\prd\108778 
035 |a RU\TPU\prd\108771 
090 |a 446853 
100 |a 20110506a19231939m y0rusy50 ca 
101 0 |a rus 
102 |a RU 
200 0 |a № 17 
210 |d 1934 
461 1 |0 (RuTPU)RU\TPU\prd\799  |t Наука и техника  |o массовый научно-технический журнал  |f Орган центротехпропа народного комиссариата тяжелой промышленности СССР  |v № 17  |d 1925-1939 
801 1 |a RU  |b 63413507  |c 20031119  |g PSBO 
801 2 |a RU  |b 63413507  |c 20110506  |g RCR 
942 |c BK 
999 |a НТБ_ТПУ  |b НФ  |e -8/20110111  |p П-2100  |u 0,00  |v 1